000 00969aaa a2200289 a 4500
003 BLK
005 20240321110556.0
007 ta
008 221104b bu |||||r|||| 00| | bu d
040 _aBLK
041 _aBUL
_cBUL
080 _aБългарска литература(изследвания)
_b821.163.2.09
_z821.163.2.09(092)
080 _aБиографии - България
_b929(497.2)
_z929(497.2)
100 1 _984953
_aКръстева, Пламенка
245 _aАся
_cПл. Кръстева
300 _a№ 73, 17 апр. 1991.
520 _aРазговор с младата поетеса Ася Великова.
653 _9195878
_aрусенци
653 _9195865
_aрусенски поети
773 0 _w292727
_tУТРО
_i. //
856 _i0.00
_ldisable
942 _2udc
_cSTA
_n0
944 _cНора Радева
_k30545
_lНора Радева
_a30545
999 _c506656
_d506656
999 _d506654
999 _d506653
999 _d503951